书目信息 |
| 题名: |
气象学与气候学教程
|
|
| 作者: | 葛朝霞 , 曹丽青 主编 | |
| 分册: | ||
| 出版信息: | 北京 中国水利水电出版社 2009 |
|
| 页数: | 232页 | |
| 开本: | 25cm | |
| 丛书名: | 高等学校水利学科专业规范核心课程教材 | |
| 单 册: | ||
| 中图分类: | P4 , P46 | |
| 科图分类: | ||
| 主题词: | 气象学--qi xiang xue--高等学校--教材 , 气候学--qi hou xue--高等学校--教材 | |
| 电子资源: | ||
| ISBN: | 978-7-5084-6177-9 | |
| 000 | 01267nam 2200313 45 | |
| 001 | 012001000123 | |
| 005 | 20131105104016.0 | |
| 010 | @a978-7-5084-6177-9@dCNY35.00 | |
| 099 | @aCAL 012009093631 | |
| 100 | @a20090512d2009 em y0chiy50 ea | |
| 101 | 0 | @achi |
| 102 | @aCN@b110000 | |
| 105 | @aak a 000yy | |
| 106 | @ar | |
| 200 | 1 | @a气象学与气候学教程@Aqi xiang xue yu qi hou xue jiao cheng@f主编葛朝霞, 曹丽青 |
| 210 | @a北京@c中国水利水电出版社@d2009 | |
| 215 | @a232页@c图, 折图@d25cm | |
| 225 | 2 | @a高等学校水利学科专业规范核心课程教材@Agao deng xue xiao shui li xue ke zhuan ye gui fan he xin ke cheng jiao cai@i水文与水资源工程 |
| 320 | @a有书目 (第231-232页) | |
| 330 | @a本书是大学本科水文与水资源工程专业的基础课教材,主要讲述了气象学、天气学和气候学的基本理论和基础知识。全书共有9章,包括大气的基本特征、辐射与热量平衡、大气热力学、大气的运动、大气中的水分等。 | |
| 410 | 0 | @12001@a高等学校水利学科专业规范核心课程教材@i水文与水资源工程 |
| 606 | 0 | @a气象学@Aqi xiang xue@x高等学校@j教材 |
| 606 | 0 | @a气候学@Aqi hou xue@x高等学校@j教材 |
| 690 | @aP4@v4 | |
| 690 | @aP46@v4 | |
| 701 | 0 | @a葛朝霞@Age chao xia@4主编 |
| 701 | 0 | @a曹丽青@Acao li qing@4主编 |
| 801 | 0 | @aCN@b北京卓展文化@c20191020 |
| 905 | @b1195431-4@dP4@e138@f4 | |
| 气象学与气候学教程/主编葛朝霞, 曹丽青.-北京:中国水利水电出版社,2009 |
| 232页:图, 折图;25cm.-(高等学校水利学科专业规范核心课程教材.水文与水资源工程) |
| ISBN 978-7-5084-6177-9:CNY35.00 |
| 本书是大学本科水文与水资源工程专业的基础课教材,主要讲述了气象学、天气学和气候学的基本理论和基础知识。全书共有9章,包括大气的基本特征、辐射与热量平衡、大气热力学、大气的运动、大气中的水分等。 |
| ● |
| 相关链接 |
|
|
|
|
正题名:气象学与气候学教程
索取号:P4/138
 
预约/预借
| 序号 | 登录号 | 条形码 | 馆藏地/架位号 | 状态 | 备注 |
| 1 | 1195431 | 211954312 | 第二样本阅览室/ [索取号:P4/138] | 在馆 | |
| 2 | 1195432 | 211954321 | 第三借阅区/ [索取号:P4/138] | 在馆 | |
| 3 | 1195433 | 211954330 | 第三借阅区/ [索取号:P4/138] | 在馆 | |
| 4 | 1195434 | 211954349 | 第三借阅区/ [索取号:P4/138] | 在馆 |